Map of Turkey in Europe, illustrating the Berlin Congress Treaty, July, 1878

Saved in:
Bibliographic Details
Main Author: Mitchell, S. Augustus 1792-1868.
Corporate Authors: David Rumsey Collection., Cartography Associates.
Format: Electronic
Language:English
Published: [1880].
Series:David Rumsey Collection digital maps
Subjects:
Tags: Add Tag
No Tags, Be the first to tag this record!
LEADER 01819nea a2200445Ka 4500
001 012024958-8
005 20090630193809.0
008 060608s1880 paud a s 0 eng d
034 1 |a a  |b 3850000  |d E0150000  |e E0320000  |f N0490000  |g N0340000 
035 0 |a ocm70047121 
040 |a CUY  |c CUY 
052 |a 7430 
052 |a 7431 
052 |a 6800 
052 |a 6801 
052 |a 7150 
052 |a 7151 
100 1 |a Mitchell, S. Augustus  |q (Samuel Augustus),  |d 1792-1868. 
245 1 0 |a Map of Turkey in Europe, illustrating the Berlin Congress Treaty, July, 1878  |h [electronic resource]. 
255 |a Scale [ca. 1:3,850,000]. 
260 |c [1880]. 
500 |a Relief shown by hachures. 
500 |a Shows new and proposed boundaries, cities, rivers, etc. 
500 |a Insets: Map of Armenia to illustrate articles 58, 59, 60 of the Treaty of Berlin -- A map showing the relation of Cyprus to the adjacent coasts. 
500 |a Scanned raster image of original: 1 map : col. ; 46 x 34 cm. 
500 |a Original in the David Rumsey Collection; scanned by Cartography Associates. 
611 2 0 |a Congress of Berlin  |d (1878)  |v Maps. 
651 0 |a Turkey  |v Maps. 
651 0 |a Turkey  |x Boundaries  |v Maps. 
651 0 |a Balkan Peninsula  |v Maps. 
651 0 |a Balkan Peninsula  |x Boundaries  |v Maps. 
651 0 |a Armenia  |v Maps. 
651 0 |a Armenia  |x Boundaries  |v Maps. 
740 0 2 |a Map of Armenia to illustrate articles 58, 59, 60 of the Treaty of Berlin. 
710 2 |a David Rumsey Collection. 
710 2 |a Cartography Associates. 
773 0 |a Mitchell, S. Augustus (Samuel Augustus), 1792-1868.  |t Mitchell's new general atlas.  |d Philadelphia : S. Augustus Mitchell, 1880, c1879.  |g p. [114 1/2].  |w (OCoLC)69371482 
830 0 |a David Rumsey Collection digital maps  |5 net 
988 |a 20090630 
906 |0 OCLC